00650nam a2200205Ia 450000100060000000800390000602000180004504100080006308200080007110000320007924500600011125000110017126000380018230000190022065300140023965300170025394200120027095201450028299900170042762175080101n2001 ii |||gr||||Z||||||465 a9788123735443 a465 a910 aDutta, Arup Kumar,eAuthor. 0aThe BrahmaputracBy Arup Kumar DuttahTextual Documents aist d. aDelhibNational book Trust,c2001 apg 237:c21cm. aGeography aG- Geography 2ddccBK 001040708General aSKBLbSKBLcG- Geographyd2008-01-01f00000g170.00l0o910 Du 954 Brp530/libr2024-01-14 00:00:00t1w2008-01-01yBK c63282d63282